| 000 | 00467nam a2200145Ia 4500 | ||
|---|---|---|---|
| 008 | 230917s9999||||xx |||||||||||||| ||und|| | ||
| 040 |
_e165995 _aMAIN |
||
| 041 | _aEnglish | ||
| 082 | _a891.437731 UP7V | ||
| 100 | _aउग्र, पाण्डेय बेचन शर्मा | ||
| 245 | 0 | _aव्यक्तिगत | |
| 260 |
_aलखनऊ _bगंगा पुस्तकमाला कार्यालय _c1963 |
||
| 300 | _a105 p. | ||
| 942 | _cHN | ||
| 999 |
_c209967 _d209967 |
||